What life should mean to you / (Record no. 28719)
[ view plain ]
| 000 -LEADER | |
|---|---|
| fixed length control field | 00656nam a22002292a 4500 |
| 001 - CONTROL NUMBER | |
| control field | 28719 |
| 003 - CONTROL NUMBER IDENTIFIER | |
| rucl marc code | BD-RjUL |
| 005 - DATE AND TIME OF LATEST TRANSACTION | |
| control field | 20211209051324.0 |
| 008 - FIXED-LENGTH DATA ELEMENTS--GENERAL INFORMATION | |
| fixed length control field | 140331s1932 uk 000 0 eng d |
| 035 ## - SYSTEM CONTROL NUMBER | |
| System control number | (BD-RjUL)28801 |
| 040 ## - CATALOGING SOURCE | |
| Original cataloging agency | ORL |
| Transcribing agency | ORL |
| Modifying agency | OCL |
| -- | BD-RjUL |
| Language of cataloging | eng |
| 041 ## - LANGUAGE CODE | |
| Language code of text/sound track or separate title | eng |
| 082 ## - DEWEY DECIMAL CLASSIFICATION NUMBER | |
| Classification number | 111 |
| Author mark and year | ADW 1942 |
| 100 1# - MAIN ENTRY--PERSONAL NAME | |
| Personal name | Adler, Alfred, |
| Dates associated with a name | 1870-1937. |
| 9 (RLIN) | 16817 |
| 245 10 - TITLE STATEMENT | |
| Title | What life should mean to you / |
| Statement of responsibility, etc. | Ed. by Alan Porter |
| 260 ## - PUBLICATION, DISTRIBUTION, ETC. (IMPRINT) | |
| Place of publication, distribution, etc. | London : |
| Name of publisher, distributor, etc. | Allen & Unwin, |
| Date of publication, distribution, etc. | 1932 [Reprinted 42] |
| 300 ## - PHYSICAL DESCRIPTION | |
| Pagination | 299 p. : |
| Illustrations | ill. ; |
| Size | 23 cm. |
| 650 #0 - SUBJECT ADDED ENTRY--TOPICAL TERM | |
| Topical term or geographic name as entry element | Psychology |
| 9 (RLIN) | 87882 |
| Topical term or geographic name as entry element | Psychology, Applied |
| 9 (RLIN) | 5669 |
| 700 1# - ADDED ENTRY--PERSONAL NAME | |
| Personal name | Porter, Alan. |
| 942 ## - ADDED ENTRY ELEMENTS (KOHA) | |
| Source of classification or shelving scheme | Dewey Decimal Classification |
| Koha item type | Books |
| Lost status | Source of classification or shelving scheme | Damaged status | Not for loan | Collection code | Permanent Location | Current Location | Shelving location | Date acquired | Total Checkouts | Full call number | Date last seen | Copy number | Koha item type |
|---|---|---|---|---|---|---|---|---|---|---|---|---|---|
| Dewey Decimal Classification | Added to bundle | Non-fiction | Central Library, University of Rajshahi | Central Library, University of Rajshahi | Reading Room | 31/03/2014 | 111 ADW 1942 | 31/03/2014 | C-1 | Books |